El Reloj: sugerencias para la formulación del proyecto pedagógico de jornada escolar completa del establecimiento educacional 2000

Sparad:
Bibliografiska uppgifter
Materialtyp: Bok
Språk:spanska
Publicerad: Santiago División de Educación General 1999
Ämnen:
Taggar: Lägg till en tagg
Inga taggar, Lägg till första taggen!

MARC

LEADER 00000nam a2200000 a 4500
001 UCP6773
003 CL-VaPUC
008 991119e19990000CL |||||||||||||||||spa|d
082 0 4 |a 371.242  |b MIN  |2 21 
245 1 3 |a El Reloj: sugerencias para la formulación del proyecto pedagógico de jornada escolar completa del establecimiento educacional 2000 
300 |a 48 p 
942 |c BK 
945 |d 19991119 00:00:00  |a rbrito 
260 |a Santiago  |b División de Educación General  |c 1999 
650 0 |a Reforma educacional   |9 256319 
650 7 |a JORNADA ESCOLAR COMPLETA  |2 CL-VaPUC  |9 436048 
650 0 |a Investigación educacional   |9 261192 
651 7 |a CHILE  |2 CL-VaPUC  |9 436049 
583 |a last modification  |c 19991119 00:00:00  |k Rodrigo Vera 
999 |c 284212  |d 284210 
952 |0 0  |1 0  |4 0  |6 371_242000000000000_MIN_1999  |7 0  |8 P  |9 328008  |a BIBEDU  |b BIBEDU  |c BIBEDU_PB  |d 2019-11-20  |i 3600483  |o 371.242 MIN 1999  |p 3600483  |r 2024-01-25  |w 2019-11-20  |y BK  |k BME